000 00584nam a22002057a 4500
003 OSt
005 20260306190551.0
008 251208b |||||||| |||| 00| 0 eng d
020 _a9781119585817
040 _cKABLIB
_aKABLIB
_beng
_erda
082 _223
_a515
_bCAL
245 _aCalculus:
_bsingle and multivariable /
_cDeborah Hughes-Hallett . . . [et al].
250 _a7th ed.
260 _aHoboken
_bWiley
_cc2019
300 _axviii, 1146 p. :
_bill. ;
_c27cm
500 _aIncludes index.
650 _aCalculus
700 _dHughes-Hallett, Deborah
_915648
942 _2ddc
_cBOOK
999 _c5848
_d5848